Statystyki dla Historyczne stolice państw świata

Kliknij tutaj aby rozwiązać quiz!

Ogólne statystyki

  • Ten quiz został rozwiązany 37 razy
  • Średni wynik to 31 z 95

Statystyki odpowiedzi

PaństwoHistoryczna stolicaOkres% Poprawnych
PolskaKraków1039/1040–1079
94%
PolskaKraków1138–1290
94%
PolskaKraków1296–1795
94%
PolskaGnieznodo 1039/1040
91%
PolskaWarszawa1918–1939
88%
PolskaPoznań1290–1296
82%
PortugaliaRio de Janeiro1808–1821
82%
BrazyliaRio de Janeirodo 1960
82%
RosjaSankt Petersburg1703–1918
82%
Turcja/Imperium OsmańskieStambuł1453 – 1923
79%
LitwaKowno1922–1940
73%
NiemcyBerlin1871–1945
70%
NiemcyBonn1949–1990
70%
PolskaŁódź1945
70%
RosjaMoskwado 1703
70%
Stany ZjednoczoneNowy Jork1785–1790
70%
PolskaLublin1918
67%
PolskaLublin1944
67%
PolskaPłock1079–1138
67%
LitwaWilnopoł. XIV wieku–1795
67%
AustraliaMelbourne1901–1927
61%
Stany ZjednoczoneFiladelfia1790–1800
58%
PortugaliaLizbona1255–1808
58%
ChinyPekin1421–1928
58%
KanadaToronto1849–1859
58%
PakistanKaraczido 1959
55%
KazachstanAłmatydo 1997
52%
JaponiaKiotodo 1868
52%
KanadaMontreal1843–1849
52%
WłochyTuryn1861–1865
52%
WłochyFlorencja1865–1870
48%
FinlandiaTurkudo 1812
48%
NigeriaLagos do 1991
45%
Nowa ZelandiaAucklanddo 1865
42%
NorwegiaBergendo 1299
42%
IndieKalkutado 1912
42%
KanadaQuébec1859–1865
42%
NorwegiaNidaros (Trondheim)do 1217
39%
MjanmaRangun1886–2006
39%
BelizeBelize Citydo 1970
36%
ChinyNankin1368–1421
33%
ChinyNankin1928–1937
33%
ChinyNankin1945–1949
33%
Wybrzeże Kości SłoniowejAbidżan1933–1983
30%
LitwaTroki1321–poł. XIV wieku
27%
SzwecjaUppsala1273–1436
27%
LitwaNowogródek1230–1321
21%
Turcja (Imperium Osmańskie)Bursa1335–1365
18%
CzarnogóraCetyniado 1946
18%
PortugaliaCoimbra1131–1255
18%
Turcja (Imperium Osmańskie)Edirne1365 – 1453
18%
BrazyliaSalvadordo 1763
18%
PortugaliaGuimarães1095–1131
15%
FilipinyQuezon City1948–1976
15%
DaniaRoskildedo 1443
15%
UzbekistanSamarkanda1925–1930
15%
AlbaniaWlora1912–1920
15%
KanadaKingston1841–1843
12%
BułgariaWielkie Tyrnowo1186–1393
12%
EtiopiaAksumI wiek p.n.e. – 1889
9%
ChinyHangzhou1127–1279
9%
Iran (Persja)Isfahan1598–1750
9%
PalauKorordo 2006
9%
BułgariaPliska681–893
9%
Iran (Persja)Sziraz1750–1782
9%
Iran (Persja)Tabriz1502–1548
9%
Ghana (Złote Wybrzeże)Cape Coastdo 1877
6%
KostarykaCartagodo 1823
6%
ChinyChang’an206 p.n.e.–25
6%
ChinyChang’an618–907
6%
ChinyChongqing1937–1945
6%
ChinyKaifeng960–1127
6%
Iran (Persja)Kazwin1548–1598
6%
JaponiaKuni-kyō740–744
6%
ChinyLuoyang25–220
6%
MjanmaMandalaj
6%
JaponiaNagaoka-kyō784–794
6%
BułgariaPresław893–972
6%
PakistanRawalpindi1959–1967
6%
Iran (Persja)Sari1782–1795
6%
MjanmaAmayabuya
3%
MjanmaAwa
3%
Tajlandia (Syjam)Ayutthaya
3%
HondurasComayaguado 1880
3%
NikaraguaGrenada/Leóndo 1855
3%
JaponiaHeijō-kyō710–740
3%
JaponiaHeijō-kyō745–784
3%
LitwaKierówdo 1230
3%
MjanmaMulmejn/Sittwe
3%
MjanmaPagan
3%
MjanmaPyain
3%
SalwadorSanta Tecla1855–1859
3%
MjanmaSikong
3%
MjanmaTaungngu
3%
ChinyXianyang221–206 p.n.e.
3%

Rozkład punktacji

Percentyl według liczby udzielonych odpowiedzi

Procent ludzi z każdym wynikiem

Twoja historia wyników

Nie rozwiązałeś tego quizu